[Event "Kuwait Rapid op 1st"]
[Site "Kuwait City"]
[Date "2025.01.09"]
[Round "5"]
[White "Almazeedi, Ahmad"]
[Black "Shrhi, Harini Anandkannan"]
[Result "1-0"]
[WhiteElo "1623"]
[BlackElo "1461"]
[PlyCount "62"]
[EventDate "2025.01.09"]
[EventType "swiss (rapid)"]
[EventRounds "9"]
[EventCountry "KUW"]
[SourceTitle "CB03_2025"]
[SourceDate "2025.01.15"]
[SourceVersion "1"]
[SourceVersionDate "2025.01.15"]
[SourceQuality "1"]

1. e4 e5 2. Nf3 Nc6 3. Bb5 a6 4. Ba4 Nf6 5. d3 b5 6. Bb3 Be7 7. c3 d6 8. h3 h6 9. 0-0 0-0 10. Re1 Be6 11. d4 exd4 12. cxd4 d5 13. e5 Ne4 14. Nc3 Rb8 15. Nxe4 dxe4 16. Rxe4 Bf5 17. Rf4 Bg6 18. Be3 Bg5 19. Nxg5 hxg5 20. Rg4 Qd7 21. Rxg5 Bf5 22. g4 Bh7 23. Rc1 Rbd8 24. d5 Ne7 25. e6 fxe6 26. dxe6 Qxd1+ 27. Rxd1 Rxd1+ 28. Bxd1 Rd8 29. Bb3 a5 30. Rxb5 Bg6 31. Bg5 Re8 1-0